| 000 | 00726nam a22002657a 4500 | ||
|---|---|---|---|
| 003 | OSt | ||
| 005 | 20140310184254.0 | ||
| 008 | 121108t xxu||||| |||| 00| 0 eng d | ||
| 020 | _a9780439748988 | ||
| 050 |
_aAP 5 _b.C466 2006 |
||
| 100 |
_aChapman, Cindy. _922814 |
||
| 245 |
_aMake room for a makeover / _cCindy Chapman; illustrated by Lisa Henderling. |
||
| 260 |
_aNew York : _bScholastic Inc., _cc2006. |
||
| 300 |
_a16 p. : _bill. col. ; _c23 cm. |
||
| 521 | _aG2 | ||
| 526 | _c380 | ||
| 650 |
_aDwellings _xRemodeling. _923234 |
||
| 650 |
_aInterior decoration. _923235 |
||
| 942 |
_2lcc _cBK-SCHOLAS |
||
| 999 |
_c33395 _d33395 |
||